Zázračný svět přírody. 2. díl., Garrigue. Jeskyně. Jezera a rybníky. Řeky a veltoky. Pohoří. /
Uložené v:
| Hlavný autor: | |
|---|---|
| Médium: | Kniha |
| Jazyk: | Czech French |
| Vydané: |
Bratislava :
Príroda a.s.,
1994
|
| Vydanie: | 1. vyd. |
| Témy: | |
| ISBN: |
8007006400 (viaz.) |
| Fyzický popis: |
Nestr. |
| Tagy: |
Pridať tag
Žiadne tagy, Buďte prvý kto otaguje tento záznam!
|
Titul je dostupný aj v ... 

MARC
| LEADER | 00000nam a2200000 a 4500 | ||
|---|---|---|---|
| 001 | 000068898 | ||
| 003 | SVKK | ||
| 005 | 19990322000000.0 | ||
| 008 | 990305s1994 xo e czeo | ||
| 020 | |a 8007006400 (viaz.) | ||
| 040 | |a SVKKK |b slo |c SVKKK |e AACR2 | ||
| 041 | 1 | |a cze |h fre | |
| 044 | |a xo |c SK | ||
| 080 | |a 502(03) |2 1997 | ||
| 080 | |a 03:502 |2 1997 | ||
| 100 | 1 | |a Vérilhac, Florence |4 aut | |
| 245 | 1 | 0 | |a Zázračný svět přírody. |n 2. díl., |p Garrigue. Jeskyně. Jezera a rybníky. Řeky a veltoky. Pohoří. / |c Florence Vérilhac |
| 246 | 3 | 0 | |a Garrigue. Jeskyně. Jezera a rybníky. Řeky a veltoky. Pohoří. |
| 250 | |a 1. vyd. | ||
| 260 | |a Bratislava : |b Príroda a.s., |c 1994 | ||
| 300 | |a Nestr. | ||
| 653 | 0 | |a príroda |2 SVKKKPH | |
| 653 | 0 | |a encyklopédie |2 SVKKKPH | |
| 655 | 7 | |a encyklopédie |2 SVKKKPH | |
| 910 | |a svkkk | ||
| 919 | |a 80-07-00640-0 | ||
| 974 | |a MI |d 19990305 | ||
| 974 | |a PA |d 19990305 | ||
| 974 | |a PA |d 19990322 | ||
| 998 | |a BK | ||
| 090 | |g SCKHL |k Sklad Pribinova 3. posch. |a V.191403 |j 877383 |i 2720049738 |s Povinný výt. | ||